Problemática social de las cesiones urbanísticas desproporcionadas : un caso testigo: 'La Catalana' de San Adrián del Besós / Juan Aguiló Aguiló un caso testigo:
Descripción Física:
196 p. ; 21 cm
Materias:
Urbanisme -- Sant Adrià de Besòs
MARC
| LEADER | 00000nam a2200000Ia 4500 | ||
|---|---|---|---|
| 001 | 10616 | ||
| 008 | 160829s9999 xx 000 0 cat d | ||
| 080 | |a B-1-303 | ||
| 100 | |a Aguiló Aguiló, Juan |9 20072 | ||
| 245 | |a Problemática social de las cesiones urbanísticas desproporcionadas : |b un caso testigo: |b 'La Catalana' de San Adrián del Besós / Juan Aguiló Aguiló | ||
| 260 | |a Barcelona : |b Bayer Hnos, DL 1972 | ||
| 300 | |a 196 p. ; |c 21 cm | ||
| 590 | |a Dedicatòria autògrafa de l'autor al Sr. S. Esquerda i Roset | ||
| 650 | |a Urbanisme |x Sant Adrià de Besòs |9 20073 | ||
| 901 | |a Arxiu | ||
| 942 | |n 1 | ||
| 952 | |0 0 |1 0 |4 0 |6 B1303 |7 1 |9 41423 |a Arxiu |b Arxiu |d 2016-12-01 |l 0 |o B-1-303 |p 10616 |r 2016-12-01 00:00:00 |w 2016-12-01 |y ARXIU | ||
| 999 | |c 43230 |d 43230 | ||